Kunst – Philosophie – Transzendenz: gegen die Zersplitterung unserer Kultur
| Main Author: | |
|---|---|
| Corporate Author: | |
| Format: | Print Book |
| Language: | German |
| Subito Delivery Service: | Order now. |
| Check availability: | HBZ Gateway |
| WorldCat: | WorldCat |
| Interlibrary Loan: | Interlibrary Loan for the Fachinformationsdienste (Specialized Information Services in Germany) |
| Published: |
Leipzig
Evangelische Verlagsanstalt
[2024]
|
| In: | Year: 2024 |
| Standardized Subjects / Keyword chains: | B
Aesthetics
/ Metaphysics
/ Bodiliness
/ Phenomenology
/ Transcendence
/ Theology
B Aesthetics / Culture / The Modern B Aesthetics / Natural theology / Existence of God / Faith B Balthasar, Hans Urs von 1905-1988 / Pannenberg, Wolfhart 1928-2014 / Aesthetics / Culture / Theology |
| Online Access: |
Inhaltstext (Publisher) Table of Contents |
| Parallel Edition: | Erscheint auch als: 9783374076772 |
MARC
| LEADER | 00000cam a2200000 c 4500 | ||
|---|---|---|---|
| 001 | 188996154X | ||
| 003 | DE-627 | ||
| 005 | 20251227180422.0 | ||
| 007 | tu | ||
| 008 | 240527s2024 gw ||||| 00| ||ger c | ||
| 015 | |a 24,N21 |2 dnb | ||
| 016 | 7 | |a 1329329104 |2 DE-101 | |
| 020 | |a 9783374076765 |c : : EUR 29.00 (DE), EUR 29.90 (AT) |9 978-3-374-07676-5 | ||
| 020 | |a 3374076769 |9 3-374-07676-9 | ||
| 024 | 3 | |a 9783374076765 | |
| 035 | |a (DE-627)188996154X | ||
| 035 | |a (DE-599)DNB1329329104 | ||
| 035 | |a (OCoLC)1434759569 | ||
| 040 | |a DE-627 |b ger |c DE-627 |e rda | ||
| 041 | |a ger | ||
| 044 | |c XA-DE-SN | ||
| 082 | 0 | |a 230.01 |q DE-101 |2 23/ger | |
| 082 | 0 | |a 261.51 |q DE-101 |2 23/ger | |
| 082 | 0 | |a 111.85 |q DE-101 |2 23/ger | |
| 082 | 0 | 4 | |a 230 |a 100 |q DE-101 |
| 084 | |a CC 6900 |q DE-14/sred |2 rvk |0 (DE-625)rvk/17665: | ||
| 100 | 1 | |e VerfasserIn |0 (DE-588)120793636 |0 (DE-627)080890695 |0 (DE-576)166556033 |4 aut |a Mutschler, Hans-Dieter |d 1946- | |
| 109 | |a Mutschler, Hans-Dieter 1946- |a Mutschler, Hans D. 1946- |a Mutschler, H. D. 1946- | ||
| 245 | 1 | 0 | |a Kunst – Philosophie – Transzendenz |b gegen die Zersplitterung unserer Kultur |c Hans-Dieter Mutschler |
| 264 | 1 | |a Leipzig |b Evangelische Verlagsanstalt |c [2024] | |
| 264 | 4 | |c © 2024 | |
| 300 | |a 137 Seiten |c 19 cm x 12 cm | ||
| 336 | |a Text |b txt |2 rdacontent | ||
| 337 | |a ohne Hilfsmittel zu benutzen |b n |2 rdamedia | ||
| 338 | |a Band |b nc |2 rdacarrier | ||
| 583 | 1 | |a Archivierung/Langzeitarchivierung gewährleistet |f PESN |x XA-DE-SN |2 pdager |5 DE-14 | |
| 601 | |a Philosophie | ||
| 689 | 0 | 0 | |d s |0 (DE-588)4000626-8 |0 (DE-627)106400541 |0 (DE-576)208838821 |2 gnd |a Ästhetik |
| 689 | 0 | 1 | |d s |0 (DE-588)4038936-4 |0 (DE-627)106230220 |0 (DE-576)209032545 |2 gnd |a Metaphysik |
| 689 | 0 | 2 | |d s |0 (DE-588)4114388-7 |0 (DE-627)105822558 |0 (DE-576)209484209 |2 gnd |a Leiblichkeit |
| 689 | 0 | 3 | |d s |0 (DE-588)4045660-2 |0 (DE-627)106200755 |0 (DE-576)209066334 |2 gnd |a Phänomenologie |
| 689 | 0 | 4 | |d s |0 (DE-588)4060724-0 |0 (DE-627)106138669 |0 (DE-576)209136316 |2 gnd |a Transzendenz |
| 689 | 0 | 5 | |d s |0 (DE-588)4059758-1 |0 (DE-627)104131446 |0 (DE-576)209132159 |2 gnd |a Theologie |
| 689 | 0 | |5 DE-101 | |
| 689 | 1 | 0 | |d s |0 (DE-588)4000626-8 |0 (DE-627)106400541 |0 (DE-576)208838821 |2 gnd |a Ästhetik |
| 689 | 1 | 1 | |d s |0 (DE-588)4165986-7 |0 (DE-627)105436119 |0 (DE-576)209899158 |2 gnd |a Kulturphilosophie |
| 689 | 1 | 2 | |d s |0 (DE-588)4039827-4 |0 (DE-627)104658711 |0 (DE-576)209036745 |2 gnd |a Moderne |
| 689 | 1 | |5 DE-101 | |
| 689 | 2 | 0 | |d s |0 (DE-588)4000626-8 |0 (DE-627)106400541 |0 (DE-576)208838821 |2 gnd |a Ästhetik |
| 689 | 2 | 1 | |d s |0 (DE-588)4041356-1 |0 (DE-627)10621957X |0 (DE-576)209044578 |2 gnd |a Natürliche Theologie |
| 689 | 2 | 2 | |d s |0 (DE-588)4131943-6 |0 (DE-627)10415165X |0 (DE-576)209631457 |2 gnd |a Gottesfrage |
| 689 | 2 | 3 | |d s |0 (DE-588)4071867-0 |0 (DE-627)104707917 |0 (DE-576)209185139 |2 gnd |a Glaube |
| 689 | 2 | |5 DE-101 | |
| 689 | 3 | 0 | |d p |0 (DE-588)118506323 |0 (DE-627)135641985 |0 (DE-576)318454939 |2 gnd |a Balthasar, Hans Urs von |d 1905-1988 |
| 689 | 3 | 1 | |d p |0 (DE-588)118591541 |0 (DE-627)079384862 |0 (DE-576)209061138 |2 gnd |a Pannenberg, Wolfhart |d 1928-2014 |
| 689 | 3 | 2 | |d s |0 (DE-588)4000626-8 |0 (DE-627)106400541 |0 (DE-576)208838821 |2 gnd |a Ästhetik |
| 689 | 3 | 3 | |d s |0 (DE-588)4165986-7 |0 (DE-627)105436119 |0 (DE-576)209899158 |2 gnd |a Kulturphilosophie |
| 689 | 3 | 4 | |d s |0 (DE-588)4059758-1 |0 (DE-627)104131446 |0 (DE-576)209132159 |2 gnd |a Theologie |
| 689 | 3 | |5 DE-101 | |
| 710 | 2 | |e Verlag |0 (DE-588)2009855-8 |0 (DE-627)101670850 |0 (DE-576)191647098 |4 pbl |a Evangelische Verlagsanstalt | |
| 776 | 1 | |z 9783374076772 | |
| 776 | 0 | 8 | |i Erscheint auch als |z 9783374076772 |
| 856 | 4 | 2 | |u http://deposit.dnb.de/cgi-bin/dokserv?id=8e9c4378a6714dcfa88964e137d33ffa&prov=M&dok_var=1&dok_ext=htm |m X:MVB |q text/html |x Verlag |3 Inhaltstext |7 1 |
| 856 | 4 | 2 | |u https://d-nb.info/1329329104/04 |m B:DE-101 |q application/pdf |x Verlag |3 Inhaltsverzeichnis |7 1 |
| 935 | |a mteo | ||
| 936 | r | v | |a CC 6900 |b Abhandlungen zur Ästhetik und Kunstphilosophie |k Philosophie |k Systematische Philosophie |k Ästhetik und Kunstphilosophie |k Abhandlungen zur Ästhetik und Kunstphilosophie |0 (DE-627)1270699040 |0 (DE-625)rvk/17665: |0 (DE-576)200699040 |
| 951 | |a BO | ||
| ELC | |b 1 | ||
| LOK | |0 000 xxxxxcx a22 zn 4500 | ||
| LOK | |0 001 4638908470 | ||
| LOK | |0 003 DE-627 | ||
| LOK | |0 004 188996154X | ||
| LOK | |0 005 20241219231237 | ||
| LOK | |0 008 241219||||||||||||||||ger||||||| | ||
| LOK | |0 040 |a DE-Tue135 |c DE-627 |d DE-Tue135 | ||
| LOK | |0 092 |o n | ||
| LOK | |0 852 |a DE-Tue135 | ||
| LOK | |0 852 1 |9 00 | ||
| LOK | |0 935 |a ixbt | ||
| LOK | |0 939 |a 13-12-24 |b l01 | ||
| ORI | |a SA-MARC-ixtheoa001.raw | ||
| REL | |a 1 | ||
| STA | 0 | 0 | |a Aesthetics,Art,Aesthetics,Bodiliness,Bodiliness,Culture,Philosophy of culture,Existence of God,God,God question,Faith,Faith,Belief in God,Metaphysics,Prima philosophia,Natural theology,Theologia naturalis,Phenomenology,The Modern,The Modern,Modern age,Modernity,Theology,Theology,Transcendence,Transcendence,Transcendence (Philosophy),Transcendence (Philosophy) in art |
| STB | 0 | 0 | |a Corporalité,Corporalité,Corporéité,Corporéité,Corporéité (motif),Corporéité,Esthétique,Esthétique,Foi,Foi,Modernité,Modernité,Époque moderne,Époque moderne,Époque moderne (motif),Époque moderne,Métaphysique,Philosophie culturelle,Phénoménologie,Question de l’existence de Dieu,Théologie naturelle,Théologie,Théologie,Transcendance,Transcendance,Transcendance (philosophie) |
| STC | 0 | 0 | |a Corporeidad,Corporeidad,Cuestión de la existencia de Dios,Estética,Estética,Fe,Fe,Fenomenología,Filosofía cultural,Metafísica,Modernidad,Modernidad,Teología natural,Teología,Teología,Transcendencia,Transcendencia,Trascendencia de Dios |
| STD | 0 | 0 | |a Corporeità <motivo>,Corporeità,Fisicità,Fisicità,Fisicità (motivo),Fisicità,Estetica,Fede,Fede,Fenomenologia,Filosofia della cultura,Metafisica,Modernità <motivo>,Modernità,Moderno,Moderno,Moderno (motivo),Moderno,Questione dell'esistenza di Dio,Teologia naturale,Teologia,Teologia,Trascendenza,Trascendenza |
| STE | 0 | 0 | |a 体格,体格,体态,体态,信念,信念,信心,信德,信心,信德,形而上学,文化哲学,现代性,现象学,神存在的提问,上帝的存在性,上帝存在的提问,神学家,美学,自然神学,超越,超越,卓越,卓越 |
| STF | 0 | 0 | |a 信念,信念,信心,信德,信心,信德,形而上學,文化哲學,現代性,現象學,神存在的提問,上帝的存在性,上帝存在的提問,神學家,美學,自然神學,超越,超越,卓越,卓越,體格,體格,體態,體態 |
| STG | 0 | 0 | |a Corporeidade,Corporeidade,Estética,Fenomenologia,Filosofia cultural,Fé,Fé,Metafísica,Modernidade,Modernidade,Questão da existência de Deus,Teologia natural,Teologia,Teologia,Transcendência,Transcendência |
| STH | 0 | 0 | |a Богословие (мотив),Богословие,Вера (мотив),Вера,Вопрос о существовании Бога,Естественное богословие,Метафизика,Телесность (мотив),Телесность,Трансценденция (мотив),Трансценденция,Феноменология,Философия культуры,Эпоха Модерна (мотив),Эпоха Модерна,Эстетика |
| STI | 0 | 0 | |a Αισθητική,Ερώτημα της ύπαρξης του Θεού,Θεολογία (μοτίβο),Θεολογία,Μεταφυσική,Πίστη (μοτίβο),Πίστη,Σωματικότητα (μοτίβο),Σωματικότητα,Το Μοντέρνο (μοτίβο),Το Μοντέρνο,Υπέρβαση (μοτίβο),Υπέρβαση,Φαινομενολογία,Φιλοσοφία του πολιτισμού,Φυσική θεολογία |
| SUB | |a REL | ||
| SYG | 0 | 0 | |a Künste,Künste,Kunstästhetik,Kunstphilosophie,Kunsttheorie,Philosophische Ästhetik,Kunstanschauung,Kunstauffassung , Prima Philosophia , Körperlichkeit , Christliche Theologie , Künste,Künste,Kunstästhetik,Kunstphilosophie,Kunsttheorie,Philosophische Ästhetik,Kunstanschauung,Kunstauffassung , Avantgarde , Künste,Künste,Kunstästhetik,Kunstphilosophie,Kunsttheorie,Philosophische Ästhetik,Kunstanschauung,Kunstauffassung , Theologia naturalis , Existenz Gottes , Glauben,Gottesglaube,Überzeugung , Baltasār, Hāns Ūrs fūn,1905-1988,Balthasar, Hans-Ura von,1905-1988,Balthasar, Hans U. von,1905-1988,Balthasar, Hans U. v.,1905-1988,Balthasar, Hans Urs v.,1905-1988,Balthasar, H. U. von,1905-1988,Balthasar, Hans-Urs von,1905-1988,Balthasar, Hans von,1905-1988,Balthasar, Urs von,1905-1988,Bal'tazar, Ch. U. fon,1905-1988,Bal'tazar, Gans Urs fon,1905-1988,Bal'tazar, Chans Urs fon,1905-1988,Werner, Hans,1905-1988,Von Balthasar, Hans Urs,1905-1988,Von Balthasar, Hans U.,1905-1988,Balʹtazar, Chans Urs fon,1905-1988 , Pannenberg, Wolfhart Ulrich,1928-2014,Pannenberg, W.,1928-2014,P'annenberŭk'ŭ, ...,1928-2014,P'annenberŭk'ŭ,1928-2014,Pan neng bo ge,1928-2014,Pannengboge,1928-2014,Panenberuku, W.,1928-2014,Pannenberg, Wolfahrt,1928-2014,Panenberg, Volfhart,1928-2014,Bol peu ha leu teu Pan nen be leu keu,1928-2014,Bolpeuhaleuteu-Pannenbeleukeu,1928-2014,Pannenbeleukeu, Bolpeuhaleuteu,1928-2014 , Künste,Künste,Kunstästhetik,Kunstphilosophie,Kunsttheorie,Philosophische Ästhetik,Kunstanschauung,Kunstauffassung , Christliche Theologie |